Missing Word: Maggie Gyllenhaal Quiz Stats

Quiz Updated Nov 12, 2014

Challenge
Share
Tweet
Embed
Score 0/18 Timer 03:00
0 Plays Today
Movie Missing Word % Correct
40 Days and 40 ______Nights
97.5%
World _____ CenterTrade
92.4%
Mona Lisa _____Smile
88.7%
_______ Than FictionStranger
85.7%
______ DarkoDonnie
83.8%
Won't Back ____Down
82.3%
_____ McPhee and the Big BangNanny
76.1%
The Dark ______Knight
75.8%
______ in Cars with BoysRiding
71.9%
Movie Missing Word % Correct
_____ EndingsHappy
70.8%
_____ House DownWhite
61.7%
Confessions of a _________ MindDangerous
57%
____ We GoAway
49.7%
_____ B. DeMentedCecil
40.4%
Crazy _____Heart
24%
Trust the ___Man
16.4%
Monster _____House
14.4%
A Dangerous _____Woman
8.5%

Today's Daily Dose

Missing Word
Jazz Songs 'C'

On This Day
January 18th

You're not logged in!

Compare scores with friends on all Sporcle quizzes.
Sign Up with Email
OR
Log In

You Might Also Like...

Show Comments

Extras

Top Quizzes Today


Score Distribution

Your Account Isn't Verified!

In order to create a playlist on Sporcle, you need to verify the email address you used during registration. Go to your Sporcle Settings to finish the process.